Analýza rovnovážnej stratégie v dvojstupňovom dodávateľskom reťazci s cieľom udržania trhového podielu v segmente predaja výrobku

Analýza dodávateľského reťazca s homogénnym tovarom, v ktorom na jeho začiatku a konci uvažujeme vždy práve s jedným subjektom, teda výrobcom s ponukou na tovar a konečným spotrebiteľom s agregovaným dopytom po tovare, pričom v dodávateľskom reťazci vystupuje aj medzičlánok, ktorý reprezentujú dvaja...

Ausführliche Beschreibung

Gespeichert in:
Bibliographische Detailangaben
1. Verfasser: Pekár, Juraj, 1972-
Weitere Verfasser: Brezina, Ivan, 1963-
Format: Buchkapitel
Sprache:Slowakisch
Schlagworte:
Tags: Tag hinzufügen
Keine Tags, Fügen Sie das erste Tag hinzu!

MARC

LEADER 00000nla a2200000 4500
001 0163545
005 20240716091622.1
041 0 |a slo 
044 |a SK 
245 1 0 |a Analýza rovnovážnej stratégie v dvojstupňovom dodávateľskom reťazci s cieľom udržania trhového podielu v segmente predaja výrobku  |c Juraj Pekár, Ivan Brezina 
520 |a Analýza dodávateľského reťazca s homogénnym tovarom, v ktorom na jeho začiatku a konci uvažujeme vždy práve s jedným subjektom, teda výrobcom s ponukou na tovar a konečným spotrebiteľom s agregovaným dopytom po tovare, pričom v dodávateľskom reťazci vystupuje aj medzičlánok, ktorý reprezentujú dvaja dodávatelia dodávajúci výrobok od výrobcu k spotrebiteľovi. 
610 2 0 |a organizácie dodávateľské 
610 2 0 |a dodávatelia 
610 2 0 |a ceny 
610 2 0 |a funkcie dopytové 
610 2 0 |a modely dopytu 
610 2 0 |a modely cenové 
610 2 0 |a spotrebitelia 
100 1 |a Pekár, Juraj, 1972- 
700 1 |a Brezina, Ivan, 1963-